स्पाय प्रिन्सेस / (Record no. 19105)

MARC details
000 -LEADER
fixed length control field 01194nam a22002417a 4500
008 - FIXED-LENGTH DATA ELEMENTS--GENERAL INFORMATION
fixed length control field 081007t xxu||||| |||| 00| 0 mar
010 ## - LCCN (DPL NO)
LC control number MAR-19955
020 ## - INTERNATIONAL STANDARD BOOK NUMBER
Terms of availability 200.00
International Standard Book Number 9788190734493
035 ## - SYSTEM CONTROL NUMBER
System control number MR-12613
037 ## - SOURCE OF ACQUISITION
Stock number D.B.Act /pub
082 ## - DEWEY DECIMAL CLASSIFICATION NUMBER
Classification number 823
100 ## - MAIN ENTRY--PERSONAL NAME
Personal name बासू, श्राबनी
245 ## - TITLE STATEMENT
Title स्पाय प्रिन्सेस /
Statement of responsibility, etc श्राबनी बासू ; भारती पांडे द्वारा अनुदित
246 ## - VARYING FORM OF TITLE
Title proper/short title Spy Princess
Remainder of title by Sharabani Basu
260 ## - PUBLICATION, DISTRIBUTION, ETC. (IMPRINT)
Place of publication, distribution, etc पुणे
Name of publisher, distributor, etc मेहता पब्लिशिंग हाऊस
Date of publication, distribution, etc 2008
270 ## - ADDRESS
Address 1941, सदाशिव पेठ
City पुणे
Postal code 411030
Telephone number 020-24476924
300 ## - PHYSICAL DESCRIPTION
Extent सोळा,245 पृ
Dimensions 22सेमी (अजिल्द)
650 ## - SUBJECT ADDED ENTRY--TOPICAL TERM
Topical term or geographic name as entry element अंग्रेजी कादंबरी
650 ## - SUBJECT ADDED ENTRY--TOPICAL TERM
Topical term or geographic name as entry element English Novel
General subdivision Enlish Fiction-Translation into Marathi
650 ## - SUBJECT ADDED ENTRY--TOPICAL TERM
Form subdivision Individualism
942 ## - ADDED ENTRY ELEMENTS (KOHA)
Source of classification or shelving scheme Dewey Decimal Classification
Item type Marathi Books
Classification part 823
Call number suffix बासुश्रा
Holdings
Withdrawn status Lost status Source of classification or shelving scheme Damaged status Not for loan Home library Current library Date acquired Cost, normal purchase price Total Checkouts Full call number Barcode Date last seen Copy number Cost, replacement price Koha item type
    Dewey Decimal Classification   Not For Loan D.B.Act.Division D.B.Act.Division 25/11/2008 200.00   823 बासुश्रा MR-12613 25/11/2008 1 200.00 Marathi Books

© Delhi Public Library
Hit Counter
free hit counter